|
|
|
|
| LEADER |
00000nam0a2200000 4500 |
| 001 |
362245 |
| 005 |
20231102011454.0 |
| 035 |
|
|
|a (RuTPU)RU\TPU\retro\19591
|
| 090 |
|
|
|a 362245
|
| 100 |
|
|
|a 20210721d1980 km y0rusy50 ca
|
| 101 |
0 |
|
|a rus
|
| 102 |
|
|
|a RU
|
| 105 |
|
|
|a af z 001zy
|
| 200 |
1 |
|
|a Петрология и геохимия пород кристаллического фундамента востока Русской платформы
|f Б. С. Ситдиков, А. Г. Низамутдинов, В. А. Полянин
|
| 210 |
|
|
|a Казань
|c Изд-во Казахского гос. ун-та
|d 1980
|
| 215 |
|
|
|a 167 с.
|c ил., вкл. л.
|
| 320 |
|
|
|a Библиогр.: с. 160-167
|
| 606 |
1 |
|
|a Горные породы, метаморфические
|x Петрография
|2 stltpush
|3 (RuTPU)RU\TPU\subj\8136
|9 35620
|
| 610 |
1 |
|
|a Татарский свод
|
| 610 |
1 |
|
|a геологическое строение
|
| 610 |
1 |
|
|a кристаллический фундамент
|
| 610 |
1 |
|
|a метаморфические комплексы
|
| 610 |
1 |
|
|a петрология
|
| 610 |
1 |
|
|a металлические элементы
|
| 610 |
1 |
|
|a геохимия
|
| 610 |
1 |
|
|a глиноземистые породы
|
| 610 |
1 |
|
|a метабазиты
|
| 610 |
1 |
|
|a железисто-силикатные породы
|
| 610 |
1 |
|
|a рассеянная сульфидная вкрапленность
|
| 610 |
1 |
|
|a Русская платформа
|
| 675 |
|
|
|a 552.4
|v 4
|
| 700 |
|
1 |
|a Ситдиков
|b Б. С.
|g Биджан Ситдикович
|
| 701 |
|
1 |
|a Низамутдинов
|b А. Г.
|g Азоль Галимзянович
|
| 701 |
|
1 |
|a Полянин
|b В. А.
|g Владимир Алексеевич
|
| 801 |
|
1 |
|a RU
|b 63413507
|c 20210721
|
| 942 |
|
|
|c BK
|